| 000 | 01288nam a22003731a 4500 | ||
|---|---|---|---|
| 999 |
_c28517 _d28488 |
||
| 001 | 015987429 | ||
| 003 | EG-ScBUE | ||
| 005 | 20200719161350.0 | ||
| 008 | 111205s2012 enk f b 001 0 eng d | ||
| 020 | _a9781444361902 (pbk.) | ||
| 020 | _a1444361902 (pbk.) | ||
| 040 |
_aStDuBDS _beng _erda _cStDuBDS _dUk _dEG-ScBUE |
||
| 082 | 0 | 4 |
_a659.2 _bHAN _222 |
| 245 | 0 | 4 |
_aThe handbook of crisis communication / _cedited by W. Timothy Coombs and Sherry J. Holladay. |
| 250 | _aFirst edition. | ||
| 264 | 1 |
_aWest Sussex, UK : _bBlackwell Publishing Ltd, _c2012. |
|
| 300 |
_axxviii, 737 pages ; _c24 cm. |
||
| 336 |
_atext _2rdacontent _btxt |
||
| 337 |
_aunmediated _2rdamedia _bn |
||
| 338 |
_avolume _2rdacarrier _bnc |
||
| 490 | 0 | _aHandbooks in communication and media | |
| 500 | _aOriginally published: 2010. | ||
| 500 |
_aFormerly CIP. _5Uk |
||
| 504 | _aIncludes bibliographical references and index. | ||
| 650 | 7 |
_aCrisis management. _2BUEsh |
|
| 650 | 7 |
_aPublic relations _xManagement. _2BUEsh |
|
| 650 | 7 |
_aCommunication in management. _2BUEsh |
|
| 650 | 7 |
_aCommunication in organizations. _2BUEsh |
|
| 653 |
_bCOMAME _cJuly2020 |
||
| 655 |
_vReading book _934232 |
||
| 700 | 1 |
_aCoombs, W. Timothy, _eeditor. |
|
| 700 | 1 |
_aHolladay, Sherry J., _eeditor. |
|
| 942 |
_2ddc _cBB |
||